Romanian 1990s Music Quiz: Name the Artist - Statistics

General Stats
  • This quiz has been taken 8 times
  • The average score is 11 of 30
Answer Stats
Song Release Date Artist % Correct
Femeia 1999 LA
100%
Hoteluri 1997 B.U.G. Mafia & July
80%
Liberă la mare 1999 André
60%
Să nu crezi nimic 1996 Iris
60%
Un actor grăbit 1994 Laura Stoica
60%
Vino la mine 1999 N&D
60%
Bagabonți 99 1999 Paraziții
60%
Nu-i adevarat 1999 ASIA
40%
Ziua vrăjitoarelor 1998 Cargo
40%
Mă voi întoarce 1994 Compact
40%
Seducție 1993 Directia 5
40%
Ochii tăi 1996 Holograf
40%
Vara asta... 1999 Vama Veche
40%
Te plac 1999 3 Sud Est
20%
Sunete 1999 Activ
20%
Să mori din dragoste rănită 1996 Angela Similea
20%
Dacă pleci 1995 Cătălin Crișan
20%
Comoara 1990 Celelalte Cuvinte
20%
O lacrimă de stea 1996 Dida Drăgan
20%
Floare de colţ 1990 Ducu Bertzi
20%
Hai vino iar în gara noastră mică 1999 Gabriel Dorobanțu
20%
Vreau să te uit 1993 Mădălina Manole
20%
Mi-e dor de tine 1997 Mălina Olinescu
20%
Dau viața mea pentru o iubire 1995 Monica Anghel
20%
Nu ma uita 1999 R.A.C.L.A. & Anda Adam
20%
Umblu să m'adun 1992 Roata
20%
Țara te vrea prost 1995 Sarmalele Reci
20%
Adeline 1998 Timpuri Noi
20%
Banii și fetele 1999 Valahia
20%
Exercițiu 1991 Valeriu Sterian
20%
No matching quizzes found
Score Distribution
Percent of People with Each Score
Percentile by Number Answered
Your Score History
You have not taken this quiz